000 00705nam a2200265Ia 4500
003 OSt
005 20221006151531.0
006 a|||||r|||| 00| 0
007 ta
008 221006b |||||||| |||| 00| 0 chi d
020 _cYu 26.00
024 _a22,465
037 _bGift,
_cTextual
040 _aEASL
_cEASL
_bchi
041 _2chi
_achi
082 _aQ.41, 41N6
100 _aYUAN Yifeng etc
_9659489
245 0 _aZhongguo zengjiao mingsheng shidian
260 _aShanghai
_bShanghai People's Press China
_c1996
300 _a401p.
_ccm.
490 _v CL
650 _aCL
_9642733
942 _hQ.41, 41N6
_cTEXL
_2CC
999 _c1090551
_d1090551